[Event "MCR_SF09"]
[Site "?"]
[Date "2007.??.??"]
[Round "2"]
[White "Portych, Vaclav"]
[Black "Svoboda, Frantisek"]
[Result "1-0"]
[WhiteElo "2147"]
[BlackElo "2051"]
[PlyCount "103"]
[EventDate "2007.??.??"]
[EventType "schev (rapid)"]
[EventRounds "2"]
[SourceDate "2007.02.23"]

1. e4 c5 2. Nc3 Nc6 3. Nf3 d6 4. d4 cxd4 5. Nxd4 a6 6. Be3 e6 7. Be2 Nf6 8. O-O
Be7 9. a4 O-O 10. f4 Qc7 11. Kh1 Re8 12. Bf3 Bf8 13. Nb3 b6 14. e5 dxe5 15.
fxe5 Nd7 16. Bxc6 Qxc6 17. Nd4 Qb7 18. Qh5 g6 19. Qh4 Nxe5 20. Ne4 Be7 21. Ng5
Bxg5 22. Bxg5 f5 23. Rae1 Qd5 24. Re2 Bb7 25. Rfe1 Nf7 26. Bf6 b5 27. Qg3 bxa4
28. Nxe6 Qd6 29. Qxd6 Nxd6 30. Nc7 Rxe2 31. Rxe2 Rc8 32. Re7 Nf7 33. Kg1 g5 34.
Kf2 h6 35. c4 Be4 36. c5 a5 37. Ne6 Bd5 38. Bd4 f4 39. g3 fxg3+ 40. hxg3 Bc6
41. Ke3 Rb8 42. Kd3 h5 43. Nxg5 Nxg5 44. Rg7+ Kf8 45. Rxg5 Be8 46. Bc3 Ke7 47.
Kd4 Bf7 48. Re5+ Kd7 49. Rf5 Ke6 50. Rf3 Rb5 51. Rf1 Rxc5 52. Kxc5 1-0

[Event "MCR_SF09"]
[Site "?"]
[Date "2007.??.??"]
[Round "1"]
[White "Izing, Stefan ml."]
[Black "Styblo, Pavel"]
[Result "1-0"]
[WhiteElo "2157"]
[BlackElo "2306"]
[PlyCount "53"]
[EventDate "2007.??.??"]
[EventType "schev (rapid)"]
[EventRounds "2"]
[SourceDate "2007.02.23"]

1. e4 c5 2. Nf3 d6 3. d4 cxd4 4. Nxd4 Nf6 5. Nc3 g6 6. Be3 Bg7 7. f3 O-O 8. Qd2
Nc6 9. O-O-O d5 10. Kb1 Nxd4 11. e5 Nf5 12. exf6 exf6 13. Bc5 d4 14. Bxf8 Qxf8
15. Nb5 Ne3 16. Rc1 f5 17. Nxd4 f4 18. g3 Qd6 19. c3 Be6 20. gxf4 Bxd4 21. cxd4
Qxf4 22. Be2 Bf5+ 23. Ka1 Rd8 24. Rc3 Nd5 25. Qxf4 Nxf4 26. Bc4 Rxd4 27. Bb3
1-0

[Event "MCR_SF09"]
[Site "?"]
[Date "2007.??.??"]
[Round "1"]
[White "Brichacek, Milan"]
[Black "Mateka, Petr"]
[Result "1/2-1/2"]
[WhiteElo "2215"]
[BlackElo "2306"]
[PlyCount "92"]
[EventDate "2007.??.??"]
[EventType "schev (rapid)"]
[EventRounds "2"]
[SourceDate "2007.02.23"]

1. e4 e5 2. Nf3 Nc6 3. Bb5 a6 4. Ba4 Nf6 5. O-O Be7 6. Re1 b5 7. Bb3 d6 8. c3
O-O 9. h3 Na5 10. Bc2 c5 11. d4 Qc7 12. Nbd2 Nc6 13. d5 Na5 14. b3 Bd7 15. Nf1
Rfb8 16. Ng3 c4 17. Nh4 cxb3 18. axb3 g6 19. Bd2 Nb7 20. b4 Nxd5 21. Nhf5 Bxf5
22. exf5 a5 23. Qf3 Nb6 24. Be4 d5 25. Bxd5 Nxd5 26. Qxd5 axb4 27. Rxa8 Rxa8
28. cxb4 Rd8 29. Qxe5 Qxe5 30. Rxe5 Rxd2 31. Rxe7 Nd6 32. f6 Kf8 33. Ra7 Ke8
34. f3 h5 35. Re7+ Kf8 36. Ne4 Nxe4 37. Rxe4 Rd6 38. Re5 Rxf6 39. Rxb5 Rd6 40.
Kf2 Rd2+ 41. Kg3 h4+ 42. Kxh4 Rxg2 43. f4 Ke7 44. Re5+ Kd6 45. Ra5 Ke6 46. Rg5
Rf2 1/2-1/2

[Event "MCR_SF09"]
[Site "?"]
[Date "2007.??.??"]
[Round "?"]
[White "Cvak, Rudolf"]
[Black "Trs, Jan"]
[Result "1-0"]
[WhiteElo "2247"]
[BlackElo "2255"]
[PlyCount "155"]
[EventDate "2007.??.??"]
[EventType "schev (rapid)"]
[EventRounds "2"]
[SourceDate "2007.02.23"]

1. e4 c5 2. Nf3 d6 3. d4 cxd4 4. Nxd4 Nf6 5. Nc3 e6 6. Be2 Be7 7. a4 Nc6 8. O-O
O-O 9. Be3 a6 10. f4 Qc7 11. Qe1 Nxd4 12. Bxd4 e5 13. Be3 exf4 14. Rxf4 Be6 15.
Qg3 Nd7 16. Bd4 Ne5 17. a5 Bd8 18. Bd3 Qe7 19. h4 f6 20. Nd5 Qe8 21. c4 Rc8 22.
b3 Qg6 23. Qe3 Qh6 24. g3 Re8 25. Kg2 Qg6 26. Be2 Bxd5 27. cxd5 Rc2 28. Kf1 Re7
29. h5 Qg5 30. Bd1 Rc8 31. Ra2 Rec7 32. Kg2 g6 33. Rff2 Qxe3 34. Bxe3 Kf7 35.
Bd2 Be7 36. g4 Kg8 37. Kg3 Nd3 38. Rf1 Rc5 39. hxg6 hxg6 40. Rh1 Rb5 41. Rh3
Bd8 42. Kg2 Ne5 43. b4 Rc4 44. Be2 Rxe4 45. Bxb5 axb5 46. Rc2 Rxg4+ 47. Rg3 Rc4
48. Rxc4 Nxc4 49. Rxg6+ Kf7 50. Rh6 Nxd2 51. Rh7+ Kg6 52. Rxb7 Nc4 53. Rxb5 Kf5
54. Kf3 Ke5 55. Rb8 Nxa5 56. Rxd8 Nb3 57. Re8+ Kxd5 58. Rc8 Nd4+ 59. Ke3 f5 60.
Rc1 f4+ 61. Kd3 f3 62. Ke3 f2 63. Kxf2 Ke4 64. Rc8 Kd3 65. Kg3 Ke4 66. Kg2 Kd5
67. Kf2 Nb5 68. Ke3 Na7 69. Rc1 Nb5 70. Kd3 Nd4 71. Rh1 Nb5 72. Rh5+ Kc6 73.
Kc4 d5+ 74. Kb3 Kd6 75. Rh6+ Kc7 76. Ka4 Nd4 77. Rh5 Kd6 78. Rh3 1-0

[Event "MCR_SF09"]
[Site "?"]
[Date "2007.??.??"]
[Round "1"]
[White "Svoboda, Frantisek"]
[Black "Cvak, Rudolf"]
[Result "1/2-1/2"]
[WhiteElo "2051"]
[BlackElo "2247"]
[PlyCount "50"]
[EventDate "2007.??.??"]
[EventType "schev (rapid)"]
[EventRounds "2"]
[SourceDate "2007.02.23"]

1. e4 e5 2. Nc3 Nf6 3. Bc4 Nc6 4. Nf3 Nxe4 5. Nxe4 d5 6. Bd3 dxe4 7. Bxe4 Ne7
8. c3 f5 9. Bc2 e4 10. Ng5 h6 11. Nh3 Qd6 12. f3 exf3 13. Qxf3 Qa6 14. d4 Bd7
15. Nf4 O-O-O 16. Nd3 Qe6+ 17. Qe3 Qxe3+ 18. Bxe3 Nd5 19. Bd2 Re8+ 20. Kf2 Bd6
21. Rhe1 Nf6 22. Kg1 g5 23. c4 Ne4 24. Bb4 Bxb4 25. Nxb4 Nd6 1/2-1/2

[Event "MCR_SF09"]
[Site "?"]
[Date "2007.??.??"]
[Round "?"]
[White "Trs, Jan"]
[Black "Brichacek, Milan"]
[Result "1/2-1/2"]
[WhiteElo "2255"]
[BlackElo "2215"]
[PlyCount "115"]
[EventDate "2007.??.??"]
[EventType "schev (rapid)"]
[EventRounds "2"]
[SourceDate "2007.02.23"]

1. c4 e5 2. g3 Nf6 3. Bg2 d5 4. cxd5 Nxd5 5. Nf3 Nc6 6. O-O Nb6 7. d3 Be7 8.
Nc3 O-O 9. a3 Be6 10. b4 a5 11. b5 Nd4 12. Nd2 Rb8 13. e3 Nf5 14. Qe2 Qd7 15.
Nc4 Nxc4 16. dxc4 c6 17. Ne4 cxb5 18. Rd1 Qc8 19. cxb5 Bb3 20. Rd2 Qe6 21. Bb2
Rbc8 22. Qg4 b6 23. Bh3 g6 24. Bg2 Rfd8 25. Rxd8+ Bxd8 26. Qe2 Be7 27. Qd3 a4
28. h3 Rc2 29. Rb1 Rc7 30. Re1 Kg7 31. f4 f6 32. g4 Nh4 33. Bh1 Bc2 34. Qf1
Bxe4 35. Bxe4 exf4 36. Qxf4 Bd6 37. Qf2 Qxe4 38. Bxf6+ Kg8 39. Bxh4 Rc2 40. Re2
Rc1+ 41. Re1 Rxe1+ 42. Qxe1 Bxa3 43. Qd2 Qb1+ 44. Kf2 Qb2 45. Qe2 Kf7 46. g5
Ke6 47. Kf3 Qxe2+ 48. Kxe2 Kd5 49. Kd3 Be7 50. Be1 Kc5 51. h4 Kxb5 52. Bc3 Bb4
53. Be5 Be1 54. e4 Kc6 55. Bf4 Bxh4 56. Bc1 b5 57. Bf4 b4 58. Be3 1/2-1/2

[Event "MCR_SF09"]
[Site "?"]
[Date "2007.??.??"]
[Round "2"]
[White "Mateka, Petr"]
[Black "Izing, Stefan ml."]
[Result "1-0"]
[WhiteElo "2275"]
[BlackElo "2157"]
[PlyCount "77"]
[EventDate "2007.??.??"]
[EventType "schev (rapid)"]
[EventRounds "2"]
[SourceDate "2007.02.23"]

1. e4 e5 2. Nf3 Nc6 3. Bb5 a6 4. Ba4 Nf6 5. O-O Be7 6. Re1 b5 7. Bb3 d6 8. c3
O-O 9. h3 Na5 10. Bc2 c5 11. d4 Qc7 12. Nbd2 cxd4 13. cxd4 Bb7 14. d5 Rac8 15.
Bd3 Nd7 16. Nf1 f5 17. b3 f4 18. Bd2 Nc5 19. Qb1 Nxd3 20. Qxd3 Ba8 21. a4 bxa4
22. Rxa4 Nb7 23. Bb4 a5 24. Ba3 Qd7 25. N1d2 Nc5 26. Bxc5 Rxc5 27. Rea1 Rfc8
28. Rxa5 Rxa5 29. Rxa5 Qb7 30. Qa6 Qd7 31. Qb6 Bd8 32. Ra7 Bxb6 33. Rxd7 Rd8
34. Rxd8+ Bxd8 35. Nc4 Be7 36. b4 Kf7 37. h4 Ke8 38. Ng5 Bb7 39. b5 1-0

[Event "MCR_SF09"]
[Site "?"]
[Date "2007.??.??"]
[Round "?"]
[White "Styblo, Pavel"]
[Black "Portych, Vaclav"]
[Result "0-1"]
[WhiteElo "2306"]
[BlackElo "2147"]
[PlyCount "66"]
[EventDate "2007.??.??"]
[EventType "schev (rapid)"]
[EventRounds "2"]
[SourceDate "2007.02.23"]

1. d4 Nf6 2. c4 e6 3. Nc3 Bb4 4. e3 O-O 5. Nf3 c5 6. Bd3 d5 7. O-O Nc6 8. a3
Bxc3 9. bxc3 dxc4 10. Bxc4 Qc7 11. Bb2 b6 12. Qe2 e5 13. h3 Bb7 14. Rfd1 Rac8
15. Ba2 Qe7 16. Rab1 Rfe8 17. Qb5 e4 18. Nh4 g6 19. dxc5 bxc5 20. f4 exf3 21.
Nxf3 Qxe3+ 22. Kh1 Na5 23. Bc1 Qe2 24. Qxe2 Rxe2 25. Rb2 Rxb2 26. Bxb2 c4 27.
Ne5 Nd5 28. Rd4 Nb6 29. Nd7 Na4 30. Ba1 Kg7 31. Kg1 Rc7 32. Kh2 f6 33. g4 Bc6
0-1